000 00217nam a2200097Ia 4500
005 20251222114402.0
008 251222s1900||||xx |||||||||||||| ||spa||
082 _aDVD0060/C523L/2003
245 0 _aLimelight:
942 _cDVD
999 _c1665
_d1665